000 01866cam a22004814i 4500
003 PE-LiUPU
005 20250731173130.0
008 150623s1999 nyu rb 000 0 eng d
020 _a0875522181
035 _a(Sirsi) i9780875522180
040 _aPE-LiUPU
_bspa
_cPE-LiUPU
_erda
049 _aPRUA
100 1 _aGreenway, Roger S.,
_eautor.
245 1 0 _aGo and make disciples! :
_ban introduction to christian missions /
_cRoger S. Greenway.
264 1 _aPhillipsburg, NJ :
_bP&R Publishing,
_c1999.
300 _a190 páginas ;
_c22 centímetros
336 _atext
_2rdacontent
337 _aunmediated
_2rdamedia
338 _avolume
_2rdacarrier
504 _aIncluye bibliografía.
505 0 _aThe world to which christ sends us -- The biblical foundation of missions -- Issues in missions.
526 _aSEG42
526 _aSEG41
526 _aSEG40
526 _aSEG39
526 _aP94
526 _aP87
526 _aP86
526 _aP85
526 _aP77
526 _aP76
526 _aP35
650 0 4 _aMisión
_xTeoría.
942 _2ddc
_cBOOK
949 _a266 G81
_wDEWEY
_c1
_i51591
_lCCODEBUL1
_mBUL
_r0
_sY
_tBOOK
_u2015-6-24
_xTEOLOGIA
_zUNKNOWN
_0COMPRA
_o.STAFF. Colección General
949 _a266 G81
_wDEWEY
_c2
_i50953
_lCCODEBUL1
_mBUL
_p12.00
_r0
_sY
_tBOOK
_u2015-6-24
_xTEOLOGIA
_PP35
_0COMPRA
_o.STAFF. Colección General
994 _aC0
_bPEPRU
596 _a1
999 _a266 G81
_wDEWEY
_c33322
_i51591
_d33322
_e2017-3-12
_f2021-11-10
_g5
_lCCODEBUL1
_mBUL
_n1
_p12.00
_q2
_r0
_sY
_tBOOK
_u2015-6-24
_xTEOLOGIA
_PP35
_0COMPRA
_o.STAFF. Colección Teología
999 _a266 G81
_wDEWEY
_c2
_i50953
_f2021-11-10
_g5
_lCCODEBUL1
_mBUL
_p12.00
_q1
_r0
_sY
_tBOOK
_u2015-6-24
_xTEOLOGIA
_PP35
_0COMPRA
_o.STAFF. Colección General
980 _81
_gALBERTO SANCHEZ Responsable de Automatización